Zmarłe postacie z kartonów Walaszka - Statystyki

Ogólne statystyki
  • Ten quiz został rozwiązany 11 razy
  • Średni wynik to 2 z 11
Statystyki odpowiedzi
Karton Opis Postać % Poprawnych
Blok Ekipa Kumpel Cieślaka, zginął w Egzorcyście Stulej
91%
Egzorcysta Otyła i zrzędliwa żona Wacława Tereska
55%
Egzorcysta Przywódca Kutopadów Kutotward
27%
Egzorcysta Pojawia się w odcinku "Wampir z poligonu". Ani trochę nie był przekonany do Bonera Porucznik
27%
Egzorcysta Był aniołem. Został on schwytany przez Bonera, ponieważ ten potrzebował go, by odzyskać syna, którego więził Belzedup. Zenon
27%
Porucznik Kabura Uczestniczka misji Explorer na transportowcu BĄK III Sierżant Kuleta
9%
Porucznik Kabura Żołnierz Polskich Kosmicznych Sił. Był pierwszą ofiarą Proctolonusów Grzechu
0%
Generał Italia Był uczulony na kał, parodia Marcina Prokopa Marcin Botoks
0%
Generał Italia Próbował dostać się do W.K.U, lecz nie został przyjęty, bo nie był pełnoletni Syn Uwe
0%
Porucznik Kabura Nieznany ze stopnia wojskowego żołnierz Polskich Kosmicznych Sił, należał do załogi Majora Kentla. Wąsik
0%
Porucznik Kabura Żołnierz Polskich Kosmicznych Sił. Przed śmiercią powiedział "Pokoik wygląda jak na mojej osiemnastce, chociaż nie, u mnie było bardziej narzygane.". Węprawa
0%
Nie znaleziono quizów pasujących do podanych kryteriów
Rozkład punktacji
Procent ludzi z każdym wynikiem
Percentyl według liczby udzielonych odpowiedzi
Twoja historia wyników
Nie rozwiązałeś tego quizu